Московский Кремль

Бібліографічні деталі
Інші автори: Гончарова А. А. (составитель), Гордеева Н. В.
Мова:Російська
Опубліковано: Москва, Московская типография, 1966
Предмети:
Формат: Книга
KOHA link:https://koha.lib.tpu.ru/cgi-bin/koha/opac-detail.pl?biblionumber=258589

MARC

LEADER 00000nam0a2200000 4500
001 258589
005 20231101233318.0
035 |a (RuTPU)RU\TPU\book\281463 
090 |a 258589 
100 |a 20140425d1966 m y0rusy50 ca 
101 0 |a rus 
102 |a RU 
105 |a a z 000zy 
200 1 |a Московский Кремль  |f сост. А. А. Гончарова, Н. В. Гордеева 
210 |a Москва  |c Московская типография  |d 1966 
215 |a 14, [8] c., 80 л. илл.  |c ил. 
606 1 |a Художественные музеи  |2 stltpush  |3 (RuTPU)RU\TPU\subj\17685  |9 43259 
610 1 |a Московский Кремль 
610 1 |a фотоальбомы 
610 1 |a искусство 
610 1 |a архитектура 
610 1 |a культура 
675 |a 72С  |v 3 
702 1 |a Гончарова  |b А. А.  |4 220 
702 1 |a Гордеева  |b Н. В.  |4 220 
801 1 |a RU  |b 63413507  |c 20140425 
801 2 |a RU  |b 63413507  |c 20140617  |g RCR 
942 |c BK